| 000 | 05549cam a22008294i 4500 | ||
|---|---|---|---|
| 003 | PE-LiUPU | ||
| 005 | 20250731173526.0 | ||
| 008 | 150616s1971 ag r 000 0 spa d | ||
| 035 | _a(Sirsi) a8557 | ||
| 040 |
_aPE-LiUPU _bspa _cPE-LiUPU _erda |
||
| 049 | _aPRUA | ||
| 050 |
_aBX6146 _b.O27 |
||
| 082 | 0 | 4 |
_a286.7325 _bOE _221 |
| 100 | 1 |
_aWhite, Elena G. de, _eautor. |
|
| 245 | 1 | 0 |
_aObreros Evangélicos / _cElena G. de White. |
| 264 | 1 |
_aBuenos Aires : _basociación Casa Editora Sudamericana, _c1971. |
|
| 300 |
_a561 páginas ; _c18 centímetros |
||
| 336 |
_atext _2rdacontent |
||
| 337 |
_aunmediated _2rdamedia |
||
| 338 |
_avolume _2rdacarrier |
||
| 500 | _aOtras ed: 1957. | ||
| 505 | 0 | _aInstrucciones para todos los que son "colaboradores de Dios" -- recopilado de la colección completa de los escritos publicados por la autora y de manuscritos inéditos. | |
| 526 | _aSEG42 | ||
| 526 | _aSEG41 | ||
| 526 | _aSEG40 | ||
| 526 | _aSEG39 | ||
| 526 | _aP94 | ||
| 526 | _aP87 | ||
| 526 | _aP86 | ||
| 526 | _aP85 | ||
| 526 | _aP77 | ||
| 526 | _aP76 | ||
| 526 | _aP35 | ||
| 541 | _g001-0000525; | ||
| 541 | _g001-0000525; | ||
| 650 | 0 | 4 |
_aEvangelismo. _9953 |
| 910 |
_ajck _bjvq _cjck |
||
| 942 |
_2ddc _cBOOK |
||
| 949 |
_a286.7325 OE _wDEWEY _c1 _i14301 _lCCODEBUL1 _mBUL _p12.00 _r0 _sY _tBOOK _u2015-04-23 _xBIBLIOTECA _zUNKNOWN _0COMPRA _o.STAFF. Colección Teología |
||
| 949 |
_a286.7325 OE _wDEWEY _c2 _i14302 _lCCODEBUL1 _mBUL _p12.00 _r0 _sY _tBOOK _u2015-04-23 _xBIBLIOTECA _zUNKNOWN _0COMPRA _o.STAFF. Colección Teología |
||
| 949 |
_a286.7325 OE _wDEWEY _c3 _i23378 _lCCODEBUL1 _mBUL _p12.00 _r0 _sY _tBOOK _u2015-04-23 _xBIBLIOTECA _zUNKNOWN _0COMPRA _o.STAFF. Colección Teología |
||
| 949 |
_a286.7325 OE _wDEWEY _c4 _i23379 _lCCODEBUL1 _mBUL _p12.00 _r0 _sY _tBOOK _u2015-04-23 _xBIBLIOTECA _zUNKNOWN _0COMPRA _o.STAFF. Colección Teología |
||
| 949 |
_a286.7325 OE _wDEWEY _c5 _i23381 _lCCODEBUL1 _mBUL _p12.00 _r0 _sY _tBOOK _u2015-04-23 _xBIBLIOTECA _zUNKNOWN _0COMPRA _o.STAFF. Colección Teología |
||
| 949 |
_a286.7325 OE _wDEWEY _c6 _i23382 _lCCODEBUL1 _mBUL _p12.00 _r0 _sY _tBOOK _u2015-04-23 _xBIBLIOTECA _zUNKNOWN _0COMPRA _o.STAFF. Colección Teología |
||
| 949 |
_a286.7325 OE _wDEWEY _c7 _i20389 _lCCODEBUL1 _mBUL _p12.00 _r0 _sY _tBOOK _u2015-04-23 _xBIBLIOTECA _zUNKNOWN _0COMPRA _o.STAFF. Colección Teología |
||
| 949 |
_a286.7325 OE _wDEWEY _c8 _i63329 _lCCODEBUL1 _mBUL _pdollar12 _r0 _sY _tBOOK _u20110810 _xTEOLOGIA _PP35 _0COMPRA _o.STAFF. Colección Teología |
||
| 949 |
_a286.7325 OE _wDEWEY _c9 _i63334 _lCCODEBUL1 _mBUL _pdollar12 _r0 _sY _tBOOK _u20110810 _xTEOLOGIA _PP35 _0COMPRA _o.STAFF. Colección Teología |
||
| 949 |
_a286.7325 OE _wDEWEY _c10 _i36035 _lCCODEBUL1 _mBUL _p12.00 _r0 _sY _tBOOK _u2015-04-23 _xBIBLIOTECA _zUNKNOWN _0COMPRA _o.STAFF. Colección Teología |
||
| 949 |
_a286.7325 OE _wDEWEY _c11 _i13813 _lCCODEBUL1 _mBUL _p12.00 _r0 _sY _tBOOK _u2015-04-23 _xBIBLIOTECA _zUNKNOWN _0COMPRA _o.STAFF. Colección Teología |
||
| 994 |
_aC0 _bPEPRU |
||
| 596 | _a1 4 | ||
| 999 |
_a286.7325 OE _wDEWEY _c59922 _i14301 _d59922 _e2017-11-6 _f2019-12-11 _g4 _lDISCARD _mBUL _n4 _p12.00 _q3 _r1 _sY _tBOOK _u2015-4-23 _xTEOLOGIA _PP35 _0COMPRA _o.STAFF. Colección Teología |
||
| 999 |
_a286.7325 OE _wDEWEY _c2 _i14302 _d2018-9-17 _e2018-9-12 _f2019-12-11 _g4 _lDISCARD _mBUL _n3 _p12.00 _r1 _sY _tBOOK _u2015-4-23 _xTEOLOGIA _zUNKNOWN _0COMPRA _o.STAFF. Colección Teología |
||
| 999 |
_a286.7325 OE _wDEWEY _c4 _i23379 _d2018-9-12 _f2019-12-11 _g5 _lDISCARD _mBUL _q1 _r1 _sY _tBOOK _u2015-4-23 _xTEOLOGIA _zUNKNOWN _0COMPRA _o.STAFF. Colección General |
||
| 999 |
_a286.7325 OE _wDEWEY _c5 _i23381 _d2017-11-6 _f2019-12-11 _g4 _lDISCARD _mBUL _q1 _r1 _sY _tBOOK _u2015-4-23 _xTEOLOGIA _zUNKNOWN _0COMPRA _o.STAFF. Colección General |
||
| 999 |
_a286.7325 OE _wDEWEY _c6 _i23382 _f2019-12-11 _g4 _lDISCARD _mBUL _r0 _sY _tBOOK _u2015-4-23 _xTEOLOGIA _zUNKNOWN _0COMPRA _o.STAFF. Colección General |
||
| 999 |
_a286.7325 OE _wDEWEY _c8 _i63329 _d2019-1-14 _e2018-9-2 _f2021-11-11 _g6 _lCCODEBUL1 _mBUL _n16 _p15.70 _q5 _r0 _sY _tBOOK _u2015-6-16 _xTEOLOGIA _PP35 _0COMPRA _o.STAFF. Colección Teología |
||
| 999 |
_a286.7325 OE _wDEWEY _c9 _i63334 _lLOST _mBUL _r1 _sY _tBOOK _u2015-6-16 _xTEOLOGIA _PP35 _0COMPRA _o.STAFF. Colección General |
||
| 999 |
_a286.7325 OE _wDEWEY _c10 _i36035 _d2019-1-31 _e2019-1-29 _f2019-12-11 _g4 _lDISCARD _mBUL _n4 _p7.00 _q1 _r1 _sY _tBOOK _u2015-4-23 _xTEOLOGIA _PP35 _0COMPRA _o.STAFF. Colección Teología |
||
| 999 |
_a286.7325 OE _wDEWEY _c11 _i13813 _d2016-6-8 _e2016-6-5 _f2019-12-11 _g4 _lDISCARD _mBUL _n1 _p7.00 _r1 _sY _tBOOK _u2015-4-23 _xTEOLOGIA _PP35 _0COMPRA _o.STAFF. Colección Teología |
||
| 999 |
_a286.7325 OE 1971 _wDEWEY _c2 _iCW20389 _f2021-12-21 _g2 _lCCODECWL1 _mBWL _p20.00 _r1 _sY _tBOOK _u2015-4-23 _xWHITE _zUNKNOWN _0COMPRA _o.STAFF. Centro White |
||
| 999 |
_a286.7325 OE 1957 _wDEWEY _c1 _iCW23378 _f2021-12-21 _g2 _lCCODECWL1 _mBWL _p20.00 _r1 _sY _tBOOK _u2017-10-16 _xWHITE _zUNKNOWN _0COMPRA _o.STAFF. Centro White |
||
| 980 |
_81 _gALBERTO SANCHEZ Responsable de Automatización |
||